| 000 | 00452nam a22001817a 4500 | ||
|---|---|---|---|
| 999 |
_c6492 _d6492 |
||
| 003 | OSt | ||
| 005 | 20190117095211.0 | ||
| 008 | 190117b ||||| |||| 00| 0 eng d | ||
| 020 | _a0892747048 | ||
| 040 | _cDLC | ||
| 082 |
_a234.1 _bH417H |
||
| 100 | _aHayes, Norvel | ||
| 245 |
_aThe Healing Handbook / _cBy Norvel Hayes. |
||
| 260 |
_aOklahoma, USA : _bHarrison House, _cc1982. |
||
| 300 | _a142 p.: | ||
| 650 | _aHealing By Faith | ||
| 942 |
_2ddc _cBK |
||